A complete guide to building and plan maintenance

Bibliographic Details
Main Author: Sack, Thomas F.
Format: Book
Published: Eaglewood Cliffs : N.J. Prentice Hall , c1971
Subjects:

MARC

LEADER 00000cam a2200000 7i4500
001 0000000900
005 20050427.0
020 |a 0131601016 
040 |a INS 
090 0 0 |a RTS155.   |b S13 1971 
100 1 |a Sack, Thomas F. 
245 1 2 |a A complete guide to building and plan maintenance   |c Thomas F. Sack 
260 |a Eaglewood Cliffs :   |b N.J. Prentice Hall ,   |c c1971 
300 |a 677p. :   |b illus ;   |c 24 cm. 
650 0 0 |a Building   |x Guide 
650 0 0 |a Plant maintenance   |x guide 
999 |a 0000001054   |b BOOK   |c Reference   |e Default branch